Changing the way we work / (Record no. 347217)

000 -LEADER
fixed length control field 02004 a2200169 4500
020 ## - INTERNATIONAL STANDARD BOOK NUMBER
International Standard Book Number 075062874X (hardcover)
020 ## - INTERNATIONAL STANDARD BOOK NUMBER
International Standard Book Number 9780750628747 (hardcover)
082 04 - DEWEY DECIMAL CLASSIFICATION NUMBER
Classification number 658
090 ## - LOCALLY ASSIGNED LC-TYPE CALL NUMBER (OCLC); LOCAL CALL NUMBER (RLIN)
-- 4786
-- 4786
100 1# - MAIN ENTRY--PERSONAL NAME
Personal name Belbin, R Meredith.
245 10 - TITLE STATEMENT
Title Changing the way we work /
Statement of responsibility, etc. R Meredith Belbin.
260 ## - PUBLICATION, DISTRIBUTION, ETC.
Place of publication, distribution, etc. [S.l.] :
Name of publisher, distributor, etc. Butterworth-Heinemann,
Date of publication, distribution, etc. 1997.
300 ## - PHYSICAL DESCRIPTION
Extent 160 p. ;
Dimensions 25 cm.
520 ## - SUMMARY, ETC.
Summary, etc. How many problems at work arise from the way in which jobs are set up? Either people don't have a clear understanding of their duties and responsibilities, spending time and energy disentangling them from those of their co-workers or they are hemmed in by job specifications that allow no room for movement and initiative. An alternative system is needed, where jobs can grow and develop: where communication about the work can flow up as easily as down. Dr Belbin describes a radical approach incorporating colour-coding and information technology derived from experiments now being undertaken in three countries. Workset is a new means of delivering greater efficiency in a dynamic process that equally involves managers and jobholders. Dr R. Meredith Belbin, regarded as the father of team-role theory for his widely-read Management Teams: Why they succeed or fail and its successor Team Roles at Work, obtained his first and higher degree at Cambridge University. Later, in a research, lecturing or consulting capacity, he has visited and worked in many countries. In 1988 he founded Belbin Associates which produces Interplace, a computer-based Human Resource Management System, now used world-wide. Written by the internationally renowned father of team-role theory, R. Meredith Belbin Radical re-assessment of of how teams develop incorporating colour-coding Presents a new means of delivering greater efficiency in a dynamic process that equally involves managers and jobholders.
856 40 - ELECTRONIC LOCATION AND ACCESS
Materials specified Amazon.com
Uniform Resource Identifier <a href="http://www.amazon.com/exec/obidos/ASIN/075062874X/chopaconline-20">http://www.amazon.com/exec/obidos/ASIN/075062874X/chopaconline-20</a>
942 ## - ADDED ENTRY ELEMENTS (KOHA)
Institution code [OBSOLETE] NBS
Koha item type Book
Call number prefix 658 BEL
Holdings
Withdrawn status Lost status Damaged status Not for loan Permanent Location Current Location Date acquired Total Checkouts Full call number Barcode Date last seen Price effective from Koha item type
        Central Library (CL) Central Library (CL) 08/28/2013   658 BEL NBS856 08/28/2013 08/28/2013 Book
        Central Library (CL) Central Library (CL) 08/28/2013   658 BEL NBS855 08/28/2013 08/28/2013 Book
© 2023 Central Library, National University of Sciences and Technology. All Rights Reserved.